LEADER 01623nam a2200301 i 4500 001 000000353016 003 CaOOAMICUS 005 20230303094951.0 008 230303s2022 it m u000 u ita u 020 $a978-88-7105-497-1 040 $aSeMil$bita 100 1 $aCarra, Zeno,$d<1986- >.$0(OLS)http://semarc/name/93191 245 10$aVeritas de terra orta est :$bfondamenti di gnoseologia teologica nell'Adversus haereses di Ireneo di Lione /$cZeno Carra ; prefazione [di] Patricio De Navascués Benlloch. 264 1$aRoma :$bPontificio Seminario Lombardo ;$aMilano :$bGlossa,$c2022. 300 $aXVI, 1005 p. ;$c24 cm 490 1 $aDissertatio. Series Romana ;$v67 600 04$aIreneo : di Lione .$0(OLS)http://semarc/subject/6422 650 4$aGnoseologia teologica.$0(OLS)http://semarc/subject/9414 650 04$aIreneo : di Lione . Contra haereses.$0(OLS)http://semarc/subject/3449 700 1 $aNavascués Benlloch, Patricio : de.$0(OLS)http://semarc/name/117189 830 0$aDissertatio. Series Romana ;$v67.$0(OLS)http://semarc/title/252 850 $aSeMil 852 $aSeMil$W1$xVenegono$y1$m2KA H 67$j238034$B244245$CSeMilBibl$Z2$F244245 $81 996 $6020$a978-88-7105-497-1$9(OLS)http://semarc/number/297713 996 $6245$aVeritas de terra orta est :$bfondamenti di gnoseologia teologica nell'Adversus haereses di Ireneo di Lione$9(OLS)http://semarc/title/442993 996 $6264$aRoma :$bPontificio Seminario Lombardo$9(OLS)http://semarc/publisher/29707 996 $6264$aMilano :$bGlossa$9(OLS)http://semarc/publisher/29635 LEADER 00931nam a2200205 i 4500 001 000000251042 003 CaOOAMICUS 005 20160831000000.0 008 160831s1768 xx u000 u fre u 013 $a229947 026 $a78i- b-e- sie, sumo (3) 1768 (R) 040 $aSeMil$bita 245 10$aTome 2. 300 $aIV, 635 p. 500 $aSegn. : pg2 A-2R8 (2R6v, 2R7,8 bianche). - Vignetta xilogr. (Cervo che esce da un bosco per avvicinarsi ad una fonte) sul front. 773 0 $tInstitutions politiques, par monsieur le baron de Bielfeld. Tome 1. [-3.].$bNouvelle édition, revue, corrigée & augmentée.$dA Leyde, & se vend à Leipsick, en foire : Chez J. F. Bassompierre, Fils, libraire a Liège, 1768-1774.$g2$w()33355 850 $aSeMil 852 $aSeMil$W1$xVenegono$y1$m3M I 2 FA$j201388$B201388$CSeMilBibl$Z2$F213159 $8I 961 $aRecupero: Mantegazza 996 $6245$aTome 2$9(OLS)http://semarc/title/1533 LEADER 00948nam a2200217 i 4500 001 000000009036 003 CaOOAMICUS 005 20180830125439.0 008 180830s1846 it u000 u ita u 040 $aSeMil$bita 100 1 $aBianchi Giovini, Aurelio Angelo.$0(OLS)http://semarc/name/14267 245 10$aSulla Storia universale di Cesare Cantù :$bstudi critici /$cdi Aurelio Bianchi-Giovini. 260 $aMilano :$bCivelli e C.,$c1846-1847. 300 $a3 v. ;$c19 cm. 700 1 $aCantù, Cesare,$c<1804-1895>.$0(OLS)http://semarc/name/2844 774 0 $aMommsen, Theodor <1817-1903>$tStoria di Roma.$dMilano : Dall'Oglio, stampa 1966.$w()10921 774 0 $tDispensa 1.$g1$w()100615 774 0 $tDispensa 2.$g2$w()253368 774 0 $tDispensa 3.$g3$w()253369 996 $6245$aSulla Storia universale di Cesare Cantù :$bstudi critici$9(OLS)http://semarc/title/401143 996 $6260$aMilano :$bCivelli e C.$9(OLS)http://semarc/publisher/52546